Statistics for Largest City by Country

Click here to take the quiz!

General Stats

  • This quiz has been taken 232 times
    (167 since last reset)
  • The average score is 18 of 21

Answer Stats

CountryLargest City% Correct
RussiaMoscow
99%
AustraliaSydney
98%
TurkeyIstanbul
97%
ItalyRome
97%
IndonesiaJakarta
96%
PeruLima
96%
BrazilSão Paulo
96%
SwedenStockholm
94%
LibyaTripoli
94%
CanadaToronto
93%
SwitzerlandZürich
93%
NigeriaLagos
92%
BahamasNassau
87%
SudanKhartoum
86%
PakistanKarachi
85%
ArmeniaYerevan
83%
BhutanThimphu
75%
BurmaYangon
73%
SyriaAleppo
72%
EswatiniMbabane
58%
GrenadaSt George's
52%

Score Distribution

Percentile by Number Answered

Percent of People with Each Score

Your Score History

You have not taken this quiz since the last reset